Представление документа в формате RUSMARC

ПолеНазваниеЗначение
  Тип записи a
  Библиографический уровень m
001 Контрольный номер RU/IS/BASE/382621915
005 Дата корректировки 20201206204822.3
010 Индекс ISBN __
a ISBN 978-5-7695-6537-3
d Цена 536-80
101 Язык документа 0_
a Язык текста rus
200 Заглавие и сведения об ответственности 1_
a Заглавие Биология
e Сведения, относящиеся к заглавию учеб. пособие для студентов, обучающихся по специальностям высшего проф. образования группы "Здравоохранение"
f Первые сведения об ответственности Т. В. Викторова, А. Ю. Асанов
b Общее обозначение материала Текст
210 Выходные данные __
a Место издания М.
c Издательство Академия
d Дата издания 2011
215 Физическое описание __
a Объем 317, [2] с.
c Иллюстрации/тип воспроизводства ил.
225 Серия __
a Серия Высшее профессиональное образование
i Наименование части Медицина
320 Библиография __
a Библиография Список лит.: с. 314
330 Аннотация __
a Аннотация В учебном пособии рассмотрены закономерности структурно-функциональной организации биологических систем на молекулярном, клеточном, организменном и биосферном уровнях. При подготовке пособия использована информация о современных достижениях в различных областях биологических наук.
606 Тематические рубрики __
a Основная рубрика Биология
606 Тематические рубрики __
a Основная рубрика Общие вопросы биологии
610 Ключевые слова __
a Ключевые слова живые системы; организмы; живые организмы; биологические науки; эукариотические клетки; клетки (биология); цитоплазма; клеточные циклы; митоз; мейоз; нуклеиновые кислоты; гены; ДНК; РНК; прокариоты; эукариоты; наследственность; изменчивость; медицинская генетика; генетика; генетика пола; хромосомная теория наследственности; половые хромосомы; фенотипическая изменчивость; генетическая изменчивость; мутации; генные мутации; хромосомные мутации; генетика человека; медико-генетическое консультирование; пренатальная диагностика; биологические системы; размножение организмов; бесполое размножение; половое размножение; онтогенез; эмбриональное развитие
a Ключевые слова медицинская паразитология; паразитология; паразитизм; саркомастигофоры; простейшие; апикомплексы; медицинская гельминтология; гельминтология; плоские черви; сосальщики; ленточные черви; круглые черви; нематодозы; гельминтозы; медицинская арахноэнтомология; арахноэнтомология; членистоногие; ракообразные; паукообразные; насекомые; жизненные циклы животных; размножение; размножение животных; размножение растений; размножение человека; многибридное скрещивание; дигибридное скрещивание; постэмбриональное развитие; гипотезы старения; цилиофоры; нематоды; жабернодышащие; хелицеровые; трахейнодышащие
a Ключевые слова эмбриогенез; биологический возраст; старость; старение; старение организма; смерть; продолжительность жизни; эволюция животных; хордовые; филогенез; эволюционные учения; эволюционные теории; теория Дарвина; история биологии; синтетическая теория эволюции; эволюция; эволюция жизни; антропогенез; животный мир; человек; расы; расогенез; гомеостаз; регенерация; экология; биосфера; экологические факторы; экологические проблемы; экологические кризисы; экология человека; охрана природы
686 Индексы других классификаций __
a Классификационный индекс 28.0я73
700 Автор _1
a Фамилия Викторова
b Имя Т. В.
g Полное личное имя Татьяна Викторовна
4 Код отношения 070
702 Вторичная интеллектуальная ответственность _1
a Фамилия Асанов
b Имя А. Ю.
4 Код отношения Автор
g Полное личное имя Алий Юрьевич
4 Код отношения 070
801 Источник записи _0
a Страна RU
b Организация Муниципальное бюджетное учреждение культуры "Централизованная библиотечная система" г. Сургут (Центральная городская библиотека им. А. С. Пушкина)
g Правила каталогизации КиК/Лукашук
801 Источник записи _1
a Страна RU
b Организация Муниципальное бюджетное учреждение культуры "Централизованная библиотечная система" г. Сургут (Центральная городская библиотека им. А. С. Пушкина)
g Правила каталогизации КиК/Лукашук
852 Данные о местонахождении __
j Шифр хранения 28.0я73
i Авторский знак В 43
901 Тип документа __
t Тип документа m
903 Характеристики (МАРС) __
a Дата передачи 20120215
969 Тип издания __
a Тип издания учебное пособие
990 Данные о заказе (DOS) __
j Количество экземпляров (DOS) 3
t N записи в КСУ для И/У (DOS) 201203